| 000 | 00992cab a2200301 4500 | ||
|---|---|---|---|
| 001 | ABS58587 | ||
| 008 | 090401t1998 xxu||||| |||| 00| 0 eng d | ||
| 035 | _a(Sirsi) u85801 | ||
| 041 | _aeng | ||
| 100 | _aBlack, T. | ||
| 245 | _aRoad marking | ||
| 260 | _c1998 | ||
| 350 | _a0 | ||
| 490 |
_aSurveyor _v23 April 1998, 14-23(6) |
||
| 520 | _aSeries of articles on the development of a national streetworks gazetteer. A system to receive and compile local authority gazetteers, providing accurate information of all the streets in Britain. Looks at local authority projects using geographic information systems (GIS). | ||
| 650 | _aGIS | ||
| 650 | _aGIS | ||
| 650 | _aLIGHTING | ||
| 650 | _aLOCAL AUTHORITIES | ||
| 650 | _aNATIONAL STREETWORKS GAZETTEER | ||
| 650 | _aORDNANCE SURVEY | ||
| 650 |
_aUtilities _96272 |
||
| 690 | _aMANAGEMENT-BUSINESS MANAGEMENT-INFORMATION MANAGEMENT | ||
| 700 | _aChild, S. | ||
| 700 | _aSowton, D | ||
| 942 | _n0 | ||
| 948 | _c27/04/1998 | ||
| 999 |
_c53971 _d53971 |
||